El placer de leer y escribir: antología de lecturas

Salvato in:
Dettagli Bibliografici
Autori principali: Ballester, Irma (Autore), Cruz, Yasmine (Autore), Quintana, Hilda E (Autore), Santiago, Josué (Autore), Sarriera, Carmen M (Autore)
Natura: Libro
Lingua:spagnolo
Pubblicazione: San Juan Plaza Mayor 2002
Edizione:1a. ed
Soggetti:
Tags: Aggiungi Tag
Nessun Tag, puoi essere il primo ad aggiungerne!!

MARC

LEADER 00000nam a2200000 a 4500
001 UCJ2001
003 CL-VaPUC
008 061124e20020000PR |||||||||||||||||spa|d
020 |a 1563282194 
082 0 4 |a 808.0461  |b BAL  |2 21 
100 0 |a Ballester, Irma  |e author  |9 502855 
700 0 |a Cruz, Yasmine  |e author  |9 502856 
700 0 |a Quintana, Hilda E  |e author  |9 502857 
700 0 |a Santiago, Josué  |e author  |9 502858 
700 0 |a Sarriera, Carmen M  |e author  |9 502859 
245 1 3 |a El placer de leer y escribir: antología de lecturas 
250 |a 1a. ed 
300 |a 899 p 
942 |c BK 
945 |d 20061124 00:00:00  |a cmena 
260 |a San Juan  |b Plaza Mayor  |c 2002 
500 |a Complementario con: El placer de leer y escribir: cuadernos de actividades de redacción 
650 0 |a Redacción de textos  |9 446760 
650 0 |a Métodos de enseñanza  |9 270413 
650 0 |a Antologías  |9 309836 
650 0 |a Retórica   |9 266620 
650 0 |a Comprensión de lectura  |9 307588 
583 |a last modification  |c 20061124 00:00:00  |k Rodrigo Vera 
999 |c 318420  |d 318418 
952 |0 0  |1 0  |4 0  |6 808_046100000000000_BAL_2002  |7 0  |8 A  |9 396198  |a FDOPOS  |b FDOPOS  |d 2019-11-22  |i 4301307  |o 808.0461 BAL 2002  |p 4301307  |r 2025-01-22  |w 2019-11-22  |y BK  |k MLA